| 000 | 00476cam a2200157 a 4500 | ||
|---|---|---|---|
| 020 | _a0198286899 : | ||
| 020 | _a0198287364 | ||
| 040 | _cDLC | ||
| 082 | _a330 OXF 1990 A076 Or. | ||
| 245 | 0 | 0 |
_aModelling economic series : _breadings in econometric methodology / |
| 260 |
_aOxford [England] : _bClarendon Press ; _aNew York : _bOxford University Press, _c1990 |
||
| 300 |
_avi, 419 p. : _bill. ; _c24 cm |
||
| 650 | 0 | _aEconometrics | |
| 700 | 1 | _aGranger, C. W. J. | |
| 942 | _cEK | ||
| 999 |
_c15406 _d15406 |
||